E-Sakay : public utility vehicle's drive and passengers' road aid / (Record no. 3332)

MARC details
000 -LEADER
fixed length control field 02620nam a22003017a 4500
003 - CONTROL NUMBER IDENTIFIER
control field OSt
005 - DATE AND TIME OF LATEST TRANSACTION
control field 20240510214458.0
008 - FIXED-LENGTH DATA ELEMENTS--GENERAL INFORMATION
fixed length control field 240507b ||||| |||| 00| 0 eng d
040 ## - CATALOGING SOURCE
Language of cataloging English.
Transcribing agency CvSU-CCAT Campus Library.
Description conventions rda.
050 ## - LIBRARY OF CONGRESS CALL NUMBER
Classification number UM TA 1145
Item number M87 2019
100 ## - MAIN ENTRY--PERSONAL NAME
Personal name Musmos, Simon D. III, author.
9 (RLIN) 12181
245 ## - TITLE STATEMENT
Title E-Sakay : public utility vehicle's drive and passengers' road aid /
Statement of responsibility, etc. Simon, D. Musmos II, Christian O. Refe, and John Erick M. Picar.
260 ## - PUBLICATION, DISTRIBUTION, ETC.
Place of publication, distribution, etc. Rosario, Cavite :
Name of publisher, distributor, etc. Cavite State University-CCAT Campus,
Date of publication, distribution, etc. 2019.
300 ## - PHYSICAL DESCRIPTION
Extent xiv, 147 leaves :
Other physical details illustrations ;
Dimensions 28 cm
500 ## - GENERAL NOTE
General note A Capstone Project Manuscript (BSInfoTech) -- Cavite State University-CCAT Campus, 2019.
504 ## - BIBLIOGRAPHY, ETC. NOTE
Bibliography, etc. note Includes bibliographical references and appendices.
520 ## - SUMMARY, ETC.
Thesis Abstract <a href="MUSMOS, SIMON D., REFE, CHRISTIAN O. AND PICAR, ERICK A. Development of E-SAKAY: PUBLIC UTILITY VEHICLE'S DRIVER AND PASSENGERS' ROAD AID. Capstone Project. Bachelor of Science in Information Technology. Cavite State University-CCAT Campus, Rosario, Cavite. April 2019. Adviser. Ms. Yvana Jardine Nocon.<br/><br/>The study was conducted from January 2019 to April 2019 to develop E-SAKAY: Public Utility Vehicle's Driver and Passengers Road Aid. Specifically, the study aimed to: 1) gather transportation rules and procedures; 2) design the logical and user interface of E-SAKAY Public Utility Vehicle's Driver and Passengers' Road Aid through mobile development tools 3) test and evaluate the mobile application using modified mobile evaluation criteria; and 4) conduct alpha testing of the developed application. 5) implement the mobile application to the CaviteƱos.<br/><br/>The developers used the interactive model of mobile application development for the methodology. The planning, analysis, design phase were performed continuously until the application was developed for evaluation and implementation.<br/><br/>The application was evaluated by twenty (20) respondents, composed of IT experts, passengers and drivers. The E-SAKAY: Public Utility Vehicle's Driver and Passengers Road Aid gained a total score of 95/100, suggesting an outstanding performance and characteristics.">MUSMOS, SIMON D., REFE, CHRISTIAN O. AND PICAR, ERICK A. Development of E-SAKAY: PUBLIC UTILITY VEHICLE'S DRIVER AND PASSENGERS' ROAD AID. Capstone Project. Bachelor of Science in Information Technology. Cavite State University-CCAT Campus, Rosario, Cavite. April 2019. Adviser. Ms. Yvana Jardine Nocon.<br/><br/>The study was conducted from January 2019 to April 2019 to develop E-SAKAY: Public Utility Vehicle's Driver and Passengers Road Aid. Specifically, the study aimed to: 1) gather transportation rules and procedures; 2) design the logical and user interface of E-SAKAY Public Utility Vehicle's Driver and Passengers' Road Aid through mobile development tools 3) test and evaluate the mobile application using modified mobile evaluation criteria; and 4) conduct alpha testing of the developed application. 5) implement the mobile application to the CaviteƱos.<br/><br/>The developers used the interactive model of mobile application development for the methodology. The planning, analysis, design phase were performed continuously until the application was developed for evaluation and implementation.<br/><br/>The application was evaluated by twenty (20) respondents, composed of IT experts, passengers and drivers. The E-SAKAY: Public Utility Vehicle's Driver and Passengers Road Aid gained a total score of 95/100, suggesting an outstanding performance and characteristics.</a>
546 ## - LANGUAGE NOTE
Language note In English text.
650 ## - SUBJECT ADDED ENTRY--TOPICAL TERM
Topical term or geographic name entry element Public transportation.
9 (RLIN) 12654
650 ## - SUBJECT ADDED ENTRY--TOPICAL TERM
Topical term or geographic name entry element Public transportation -- Services.
9 (RLIN) 11459
650 ## - SUBJECT ADDED ENTRY--TOPICAL TERM
Topical term or geographic name entry element Local transit -- Philippines.
9 (RLIN) 11460
650 ## - SUBJECT ADDED ENTRY--TOPICAL TERM
Topical term or geographic name entry element Transportation.
9 (RLIN) 11422
650 ## - SUBJECT ADDED ENTRY--TOPICAL TERM
Topical term or geographic name entry element E-Sakay.
9 (RLIN) 12655
700 ## - ADDED ENTRY--PERSONAL NAME
Personal name Refe, Christian O., author.
9 (RLIN) 12182
700 ## - ADDED ENTRY--PERSONAL NAME
Personal name Picar, John Erick M., author.
9 (RLIN) 12183
942 ## - ADDED ENTRY ELEMENTS (KOHA)
Source of classification or shelving scheme Library of Congress Classification
Koha item type Thesis/Manuscripts/Dissertations
Call number prefix UM
Classification part TA 1145 M87 2019
Holdings
Withdrawn status Lost status Source of classification or shelving scheme Damaged status Not for loan Collection code Home library Current library Shelving location Date acquired Coded location qualifier Full call number Barcode Date last seen Copy number Price effective from Koha item type
    Library of Congress Classification     Thesis/Manuscript/Dissertation Cavite State University - CCAT Campus Cavite State University - CCAT Campus TH 12/02/2019 UM UM TA 1145 M87 2019 T0005119 10/24/2025 1 05/07/2024 Thesis/Manuscripts/Dissertations